01019nam a22002777a 450000500170000001000130001702000110003003500130004103700160005404000120007008200180008210000310010024500340013124600300016526000680019527000290026330000200029265000280031265000370034065000320037765000260040994200270043599900190046295201280048195201320060920170123162326.0 aB-012703 c100.00 aB-012703 bCen Lib/Ret aDPLbUR aکbن گ ا  aنگار عظیم 9119603 aگہن /cنگار عظیم  aGahan /bby Nigar Azeem  aنیی دہلی bبزم ہم قلم بٹلہ ہاؤس c1999 bنیی دہلی e110025 a132p.c20cm(Hb) aاردو ادب9119604 aاردو افسانے x 9889 v aUrdu literature 9119605 aUrdu stories 9119606 2ddccURhکmن گ ا  c107471d107471 00104070aLbLd2016-01-08eCen Lib/Retg100.00l0oک ن گ اpB-012703r2016-01-08 00:00:00t1v100.00w2016-01-08yUR 00102ddc4070aLbLd2016-10-12eCen Lib / Retg100.00l0oک ن گ اpB-075525r2016-10-12 00:00:00v100.00w2016-10-12yUR